| 000 | 00439nam a2200181 i 4500 | ||
|---|---|---|---|
| 001 | bg | ||
| 100 | 1 | _aDRAGON, Roman | |
| 245 | 0 |
_aPrzykłady i zadania z wybranych działów fizyki / _cR. Dragon. |
|
| 250 | _aWyd.2 popr. | ||
| 260 |
_aOpole, _c1985. |
||
| 650 | 9 | _aFizyka | |
| 655 | _aĆwiczenia i zadania | ||
| 040 | _cBPK | ||
| 041 | _apol | ||
| 080 | _a53(075.8)(076) | ||
| 942 | _cKS | ||
| 008 | s pl f |000 0 pol | ||
| 999 |
_c3165 _d3165 |
||
| 856 |
_uhttp://koha.tu.koszalin.pl/cgi-bin/koha/opac-detail.pl?biblionumber=3165 _yKatalog online BPK |
||